Palmistry Simplified / (Record no. 63831)

MARC details
000 -LEADER
fixed length control field 00421nam a22001457a 4500
005 - DATE AND TIME OF LATEST TRANSACTION
control field 20181127150205.0
020 ## - INTERNATIONAL STANDARD BOOK NUMBER
International Standard Book Number 8120718348
Terms of availability 00.00
035 ## - SYSTEM CONTROL NUMBER
System control number A-897892, B-897891
037 ## - SOURCE OF ACQUISITION
Stock number DPL
Source of stock number/acquisition ENG
100 ## - MAIN ENTRY--PERSONAL NAME
Personal name Ahmad, Nassim Saeed
245 ## - TITLE STATEMENT
Title Palmistry Simplified /
Statement of responsibility, etc by Nassim Saeed Ahmad
260 ## - PUBLICATION, DISTRIBUTION, ETC. (IMPRINT)
Place of publication, distribution, etc New Delhi
Name of publisher, distributor, etc Sterling Paperbacks
Date of publication, distribution, etc 1997
300 ## - PHYSICAL DESCRIPTION
Extent ix, 198p.
Dimensions 18 cms.
942 ## - ADDED ENTRY ELEMENTS (KOHA)
Source of classification or shelving scheme Dewey Decimal Classification
Item type English Books
Classification part 133.6
Call number suffix NAS
Holdings
Withdrawn status Lost status Not for loan Collection code Home library Current library Date acquired Cost, normal purchase price Full call number Barcode Cost, replacement price Koha item type Public note Source of acquisition
      Non-fiction Sarojini Nagar Sarojini Nagar 06/03/2012 0.00 133.6 NAS A-897892 0.00 English Books Withdrawn List Prepared List No.3/5  
      Non-fiction Vigyan Vihar Vigyan Vihar 27/11/2018 150.00 133.6 NAS B-897891 150.00 English Books   BPPD/PUB

© Delhi Public Library
Hit Counter
free hit counter